Hard Geography Connections - Statistics

General Stats
  • This quiz has been taken 39 times
  • The average score is 4 of 6
Answer Stats
Hint Answer % Correct
Dubrovnik's Walls, Adriatic Sea, Ćevapi, Zoran Milanović Croatia
95%
PSPF Tower, Lake Victoria, Ugali, Samia Suluhu Hassan Tanzania
86%
Good Hope Castle, Orange River, Bobotie, Cyril Ramaphosa South Africa
78%
Ruhy Mosque, Caspian Sea, Ishlykly, Serdar Berdimuhamedow Turkmenistan
78%
Beehive Parliament, Lake Taupo, Hangi, Christopher Luxon New Zealand
51%
Bicsa Financial Center, Caribbean Sea, Sancocho, José Raúl Mulino Panama
51%
No matching quizzes found
Score Distribution
Percent of People with Each Score
Percentile by Number Answered
Your Score History
You have not taken this quiz